[Event "Sampa Chess Open 2024"]
[Site "Sao Paulo"]
[Date "2024.01.30"]
[Round "2.16"]
[White "Passos, Marco Aurelio Novae"]
[Black "Kropff, Ricardo"]
[Result "0-1"]
[WhiteElo "1671"]
[BlackElo "2052"]
[PlyCount "44"]
[EventDate "2024.01.29"]
[EventRounds "9"]
[EventCountry "BRA"]

1. e4 e5 2. Nf3 Nc6 3. Bc4 Bc5 4. d3 Nf6 5. Nc3 d6 6. a3 a6 7. h3 h6 8. Ba2 ({
RR} 8. Be3 Qe7 9. O-O O-O 10. Nh4 Kh8 11. Bxc5 dxc5 12. f4 Nxe4 13. Nxe4 Qxh4
14. f5 Nd4 15. f6 gxf6 16. Rxf6 Bf5 17. Qf1 Bxe4 18. dxe4 Nxc2 19. Qf5 Qg5 20.
Qxg5 hxg5 21. Rc1 Nd4 22. Rcf1 b5 {Minasian,A (2495)-Kruppa,Y (2480) Kherson
1991 0-1 (44)}) 8... Be6 ({RR} 8... Qe7 9. Nh2 Be6 10. b3 Nd4 11. Na4 Ba7 12.
c3 Nc6 13. O-O g5 14. g4 b5 15. Nb2 O-O-O 16. Be3 Bxe3 17. fxe3 h5 18. a4 hxg4
19. Nxg4 Bxg4 20. hxg4 Qd7 21. axb5 axb5 22. Rf2 Nxg4 23. Rf3 {Vorona,
V-Semenov,M chess.com INT 2018 0-1 (33)}) 9. Nd5 Bxd5 $146 ({RR} 9... Nd4 10.
Nxd4 Bxd4 11. c3 Ba7 12. Qe2 Nxd5 13. exd5 Bf5 14. Be3 Bxe3 15. Qxe3 Qf6 16.
O-O Qg6 17. Rad1 O-O-O 18. Bb1 Rhe8 19. g4 Bxg4 20. hxg4 Qxg4+ 21. Qg3 Qd7 22.
Qf3 f5 23. b3 g5 24. c4 {Diago,R (1600)-Gomez,J (1866) Manizales 2009 0-1}) 10.
exd5 Ne7 11. c4 O-O 12. d4 exd4 13. Nxd4 Bxd4 14. Qxd4 Nf5 15. Qd3 Re8+ 16. Kf1
Ne4 17. g4 Nh4 18. Be3 Qf6 19. Bd4 Qf4 20. Rd1 Re7 21. Bb1 Rae8 22. Qe3 Nd2+
0-1

[Event "Sampa Chess Open 2024"]
[Site "Sao Paulo"]
[Date "2024.01.30"]
[Round "2.17"]
[White "Saito, Vinicius"]
[Black "Pittoli, Vinicius Eduardo Mo"]
[Result "1-0"]
[WhiteElo "2147"]
[BlackElo "1648"]
[PlyCount "87"]
[EventDate "2024.01.29"]
[EventRounds "9"]
[EventCountry "BRA"]

1. e4 e5 2. Nf3 Nc6 3. Bb5 Nf6 4. d3 Bc5 5. c3 d6 6. h3 a6 7. Ba4 h6 8. Nbd2
O-O 9. O-O Re8 10. Re1 Bd7 11. Nf1 Ne7 $146 ({RR} 11... b5 12. Bc2 d5 13. Ng3
a5 14. d4 exd4 15. cxd4 Bb4 16. Re2 dxe4 17. Nxe4 Nxe4 18. Bxe4 f5 19. Bd5+ Kh7
20. Ne5 Ra6 21. Bf7 Re7 22. Bg6+ Kg8 23. Nf7 Rxf7 24. Bxf7+ Kxf7 25. a3 Be7 26.
d5 {Slivka,D (1575)-Ferencak,J (1289) Tatralandia 2015 1/2-1/2 (65)}) ({RR} 
11... b5 12. Bc2 Ne7 13. Ng3 Ng6 14. d4 exd4 15. cxd4 Bb4 16. Bd2 Bxd2 17. Qxd2
c5 18. e5 dxe5 19. dxe5 Nh7 20. Bxg6 fxg6 21. Qd5+ Be6 22. Qxc5 Rc8 23. Qa3 Qb6
24. Rad1 Rcd8 25. Rd6 Rxd6 26. Qxd6 {Sarmiento Robles,P (1691)-Condori,Z Mar
del Plata 2013 1-0 (58)}) 12. Bb3 Ng6 13. Ng3 Bb6 14. a4 c5 15. d4 Rc8 16. dxe5
dxe5 17. Bc4 Be6 18. Qb3 Bxc4 19. Qxc4 Qc7 20. Nf5 Ne7 21. N3h4 Nxf5 22. Nxf5
Kh7 23. Be3 Re6 24. g4 Ng8 25. Red1 g6 26. Ng3 Kg7 27. Kg2 a5 28. h4 Ne7 29. h5
Rd6 30. hxg6 fxg6 31. Rh1 Rh8 32. Rad1 Qd7 33. Qe2 Rxd1 34. Qxd1 Qc6 35. Qd2
Qxa4 36. Bxh6+ Kf7 37. Qd6 Qc6 38. Qxe5 Bc7 39. Qxh8 Bxg3 40. fxg3 Qxe4+ 41.
Kh2 Qxg4 42. Qf8+ Ke6 43. Re1+ Kd5 44. Qxe7 1-0

[Event "Sampa Chess Open 2024"]
[Site "Sao Paulo"]
[Date "2024.01.30"]
[Round "2.18"]
[White "Da Rocha, Lucas Sampaio"]
[Black "Santanna, Paulo"]
[Result "0-1"]
[WhiteElo "1647"]
[BlackElo "2021"]
[PlyCount "100"]
[EventDate "2024.01.29"]
[EventRounds "9"]
[EventCountry "BRA"]

1. e4 c5 2. Nf3 a6 3. c3 d5 4. exd5 Qxd5 5. d4 e6 6. Be2 cxd4 ({RR} 6... Nf6 7.
Be3 cxd4 8. cxd4 Nc6 9. Nc3 Qd6 10. O-O Be7 11. Qd2 O-O 12. Bf4 Qd8 13. Rfd1
Nb4 14. Ne5 Nbd5 15. Bf3 Bd7 16. Bg5 Bc6 17. Rac1 Rc8 18. h3 h6 19. Bh4 Re8 20.
a3 Qb6 21. Bxf6 {Neelotpal,D (2463)-Zhang,Z (2645) Doha 2016 0-1 (44)}) 7. Qxd4
({RR} 7. cxd4 Nf6 8. O-O Nc6 9. Nc3 Qd8 10. Be3 Be7 11. Ne5 Nb4 12. Qa4+ Kf8
13. Qb3 Nbd5 14. Bf3 Qb6 15. Qc2 Qc7 16. Qe2 Nxc3 17. bxc3 Nd5 18. c4 Nxe3 19.
fxe3 f6 20. c5 g6 21. Rab1 Rb8 {Schmidt,S (2153)-Soham,D (2352) Tegernsee GER
2021 1-0 (65)}) 7... Nf6 8. Qxd5 $146 ({RR} 8. Bg5 Nc6 9. Qd2 Qa5 10. Bxf6 gxf6
11. Qf4 Be7 12. Nbd2 Rg8 13. Nc4 Qd8 14. Rd1 Bd7 15. Qe3 Qc7 16. Qb6 O-O-O 17.
Qb3 Bc5 18. O-O e5 19. g3 f5 20. Kh1 Be6 21. Qc2 Rxd1 22. Rxd1 e4 {Ramos,E 
(1761)-Da Silva,A (2023) Aracaju 2014 1-0 (50)}) 8... Nxd5 9. O-O Nc6 10. Rd1
Bc5 11. Bg5 O-O 12. Nbd2 h6 13. Bh4 f5 14. h3 Nf4 15. Bf1 Nh5 16. Nb3 Ba7 17.
g4 fxg4 18. hxg4 g5 19. gxh5 gxh4 20. Be2 Rf4 21. Nbd4 Nxd4 22. cxd4 Bd7 23.
Kg2 Bc6 24. Rac1 Raf8 25. Rc3 h3+ 26. Kg3 Bb8 27. Ne5 Bxe5 28. dxe5 Rxf2 29.
Bg4 h2 30. Bxe6+ Kh8 31. Rcc1 h1=Q 32. Rxh1 Bxh1 33. Rxh1 R8f3+ 34. Kg4 Re3 35.
Rc1 Rxe5 36. Rc8+ Kg7 37. Rc7+ Kf8 38. Bc8 Rg5+ 39. Kh3 Rxb2 40. Bxb7 Rxh5+ 41.
Kg4 Rg5+ 42. Kf4 Rxa2 43. Rc6 Ra4+ 44. Kf3 Rb5 45. Bxa6 Rb3+ 46. Kf2 Ra2+ 47.
Be2 Rbb2 48. Re6 Kg7 49. Kf3 Ra3+ 50. Kf4 Rb4+ 0-1

[Event "Sampa Chess Open 2024"]
[Site "Sao Paulo"]
[Date "2024.01.30"]
[Round "2.19"]
[White "Munhoz, Joao Pedro"]
[Black "Da Silva, Lucas Pereira Mende"]
[Result "0-1"]
[WhiteElo "1608"]
[BlackElo "1974"]
[PlyCount "76"]
[EventDate "2024.01.29"]
[EventRounds "9"]
[EventCountry "BRA"]

1. c4 e6 2. Nf3 d5 3. d4 c6 4. g3 Nf6 5. Bg2 Be7 6. O-O O-O 7. Nc3 b6 8. Nd2
Ba6 9. b3 Nbd7 ({RR} 9... b5 10. Bb2 bxc4 11. bxc4 Nbd7 12. Qa4 Qc8 13. cxd5
cxd5 14. Rfc1 Nb6 15. Qa5 Nc4 16. Nxc4 Bxc4 17. Ba3 Bxa3 18. Qxa3 Qa6 19. Qxa6
Bxa6 20. e3 Rfc8 21. Na4 Nd7 22. Rab1 Kf8 23. Bf1 Bxf1 24. Kxf1 {Gozzoli,Y 
(2586)-Meier,G (2630) chess.com INT 2017 1/2-1/2 (52)}) 10. e4 Bb4 $146 ({RR} 
10... dxc4 11. Nxc4 b5 12. Ne3 b4 13. Ne2 Nb6 14. Re1 Rc8 15. Bb2 Re8 16. Rc1
Bf8 17. Nf4 c5 18. d5 exd5 19. exd5 g6 20. Bh3 Ra8 21. Qf3 Ne4 22. Ne6 Ng5 23.
Nxg5 Qxg5 24. Bf6 Qh6 25. Bg2 {Bindrich,F (2564)-Buhmann,R (2569) Austria 2014
1-0 (39)}) ({RR} 10... dxc4 11. Nxc4 b5 12. Ne3 b4 13. Ne2 e5 14. Nf5 g6 15.
Nxe7+ Qxe7 16. Re1 Rfd8 17. Bg5 exd4 18. Qxd4 Ne5 19. Qe3 h6 20. Bxf6 Qxf6 21.
f4 Ng4 22. Qc5 Qb2 23. Bf3 h5 24. Rab1 Qxa2 25. Bxg4 {Ivanov,M (2341)
-Khubukshanov,E (2278) Belgrade SRB 2021 1/2-1/2}) ({RR} 10... Rc8 11. Re1 Bb4
12. Bb2 dxe4 13. a3 Bxc3 14. Bxc3 b5 15. Bb4 c5 16. dxc5 Nxc5 17. Bxc5 Rxc5 18.
b4 Rc7 19. c5 Rd7 20. Ra2 Bb7 21. Qc2 Bd5 22. Rb2 Qa8 23. Nxe4 Nxe4 24. Bxe4
Bxe4 25. Qxe4 {Finokaliotis,G (2059)-Dirlis,N (1875) Aghios Kirykos 2014 1-0 
(60)}) ({RR} 10... Rc8 11. Re1 dxe4 12. Ndxe4 Nxe4 13. Nxe4 Nf6 14. Nc3 c5 15.
d5 exd5 16. Nxd5 Nxd5 17. Bxd5 Bf6 18. Rb1 Bc3 19. Re3 Bd4 20. Rd3 Qf6 21. Rf3
Qe7 22. Bb2 Bxb2 23. Rxb2 Rce8 24. Re3 Qc7 25. Rbe2 {Smirnov,P (2556)
-Rakhimzhan,A (2303) Almaty KAZ 2019 1/2-1/2 (58)}) 11. Bb2 c5 12. dxc5 d4 13.
Nb5 bxc5 14. a3 Bxd2 15. Qxd2 e5 16. a4 Bb7 17. f3 Qb8 18. Rab1 a6 19. Na3 Bc6
20. Ba1 Qb4 21. Qxb4 cxb4 22. Nc2 a5 23. Rfd1 Nc5 24. Ne1 Nfd7 25. Bh3 Rad8 26.
Bxd7 Rxd7 27. Nd3 Nxd3 28. Rxd3 f5 29. exf5 Rxf5 30. Rf1 g5 31. f4 Be4 32. Rd2
gxf4 33. gxf4 Rg7+ 34. Kf2 Rxf4+ 35. Ke1 Rxf1+ 36. Kxf1 Kf7 37. Rf2+ Ke6 38.
Ke2 Rg1 0-1

[Event "Sampa Chess Open 2024"]
[Site "Sao Paulo"]
[Date "2024.01.30"]
[Round "2.20"]
[White "Cordero, Daniela"]
[Black "Aragao Neto, Joao Batista"]
[Result "1-0"]
[WhiteElo "2028"]
[BlackElo "1585"]
[PlyCount "72"]
[EventDate "2024.01.29"]
[EventRounds "9"]
[EventCountry "BRA"]

1. d4 Nf6 2. Nf3 g6 3. c4 Bg7 4. g3 d6 5. Bg2 O-O 6. O-O c6 7. Nc3 Nbd7 8. e4
e5 9. h3 a5 10. b3 Re8 11. Be3 exd4 12. Nxd4 Nc5 13. Qc2 Qe7 14. Rfe1 Nfd7 15.
Rad1 Nf8 16. f4 ({RR} 16. Qd2 Be6 17. Bh6 Bxh6 18. Qxh6 Qf6 19. Qd2 Red8 20. f4
Bd7 21. Nde2 Be8 22. Qe3 Qe7 23. Nd4 f6 24. Rd2 Qc7 25. Red1 Bf7 26. Kh2 a4 27.
b4 Ncd7 28. Bf1 Nb6 29. c5 dxc5 30. bxc5 Nc4 {Schlosser,P (2550)-Thipsay,P 
(2515) Groningen 1997 1/2-1/2 (41)}) ({RR} 16. Qd2 Be6 17. Bg5 Bf6 18. h4 Red8
19. Nf5 Bxf5 20. exf5 Bxg5 21. hxg5 Qd7 22. Bh3 gxf5 23. Qc2 Re8 24. Bxf5 Qc7
25. Kg2 Rxe1 26. Rxe1 Ng6 27. Qd2 Rd8 28. Qd4 Rf8 29. Nd1 Qd8 30. f4 f6 {
Pavlov,S (2471)-Maloberti,D (2113) Skopje MKD 2019 1-0 (39)}) 16... Nfe6 17.
Nde2 Bd7 $146 ({RR} 17... Nf8 18. Qd2 f5 19. Qxd6 Qxd6 20. Rxd6 Nxe4 21. Nxe4
fxe4 22. Bd4 a4 23. b4 a3 24. Bxg7 Kxg7 25. Nc3 e3 26. Rd3 e2 27. Kf2 Be6 28.
c5 Bf7 29. Bf3 Rad8 30. Rxd8 Rxd8 31. Ke3 Re8+ 32. Be4 {Sandler,L (2345)
-Amonatov,F (2110) Yerevan 1996 1/2-1/2 (59)}) ({RR} 17... Nc7 18. Bd4 Bxd4+
19. Nxd4 Bd7 20. a3 Qf6 21. Re2 Rad8 22. Red2 Bc8 23. Kh2 h5 24. b4 axb4 25.
axb4 N5e6 26. Nxe6 Nxe6 27. h4 Nc7 28. c5 Bg4 29. cxd6 Bxd1 30. Rxd1 Na6 31. e5
Qe6 32. b5 {Khromkin,A (2328)-Rjanova,V (2049) Saratov 2006 1-0 (48)}) 18. Bf2
Rad8 19. Bf3 Na6 20. Bb6 Rb8 21. Nb1 a4 22. b4 Rec8 23. Qxa4 c5 24. b5 Nac7 25.
Qc2 Nd4 26. Nxd4 Bxd4+ 27. Kh2 h5 28. Rxd4 cxd4 29. Bxd4 Nxb5 30. Ba1 Be6 31.
Qb2 f6 32. cxb5 Kf7 33. f5 Bc4 34. fxg6+ Kxg6 35. Nc3 Be6 36. Rf1 Rf8 1-0

[Event "Sampa Chess Open 2024"]
[Site "Sao Paulo"]
[Date "2024.01.30"]
[Round "2.21"]
[White "Mattos, Bernardo Cunha"]
[Black "Carvalho Jr, Celestino"]
[Result "0-1"]
[WhiteElo "1567"]
[BlackElo "1939"]
[PlyCount "58"]
[EventDate "2024.01.29"]
[EventRounds "9"]
[EventCountry "BRA"]

1. c4 e5 2. Nc3 Nf6 3. Nf3 d6 4. d4 exd4 5. Nxd4 g6 6. g3 Bg7 7. Bg2 O-O 8. O-O
Nbd7 9. b3 Nc5 10. Bb2 a5 11. Re1 ({RR} 11. Qc2 c6 12. Rad1 Qe7 {1/2-1/2 (12)
Aveskulov,V (2545)-Kovchan,A (2507) Kharkov 2007}) ({RR} 11. Qc2 c6 12. Rad1
Qb6 13. h3 {1/2-1/2 (13) Peng,L (2466)-Hausner,I (2370) Bayerisch Eisenstein
GER 2019}) 11... Re8 12. Qd2 $146 ({RR} 12. e4 Ng4 13. f4 f5 14. h3 Nh6 15. Qd2
fxe4 16. Nxe4 Nxe4 17. Bxe4 c6 18. Bg2 Bd7 19. Rxe8+ Qxe8 20. Re1 Qf7 21. Ba3
Bf8 22. g4 a4 23. Bb2 axb3 24. axb3 Bg7 25. Nf3 Bxb2 26. Qxb2 Re8 {Overesch,A 
(1801)-Robers,F (1767) Muensterland 2004 1/2-1/2}) 12... Bg4 13. h3 Bd7 14.
Rad1 Nfe4 15. Nxe4 Nxe4 16. Qd3 Nc5 17. Qd2 Qc8 18. Kh2 h5 19. e4 Qd8 20. Bc3
Ne6 21. Nxe6 Bxe6 22. Bb2 a4 23. Bxg7 Kxg7 24. b4 Qf6 25. e5 dxe5 26. Bxb7 Rab8
27. Bd5 Bxd5 28. cxd5 Rb6 29. a3 h4 0-1

[Event "Sampa Chess Open 2024"]
[Site "Sao Paulo"]
[Date "2024.01.30"]
[Round "2.22"]
[White "De Brito E Silva, William"]
[Black "Cristino, Felipe Borges"]
[Result "0-1"]
[WhiteElo "1549"]
[BlackElo "1890"]
[PlyCount "100"]
[EventDate "2024.01.29"]
[EventRounds "9"]
[EventCountry "BRA"]

1. e4 c5 2. Nf3 Nc6 3. d4 cxd4 4. Nxd4 g6 5. Nc3 Bg7 6. Be3 Nf6 7. Bc4 O-O 8.
f3 Qb6 9. Qd2 Nxe4 10. Nxe4 Bxd4 11. Bxd4 Qxd4 12. Qxd4 Nxd4 13. O-O-O Nc6 14.
Rhe1 ({RR} 14. h4 h6 15. Rhe1 d6 16. Nc3 Rd8 17. a3 Kf8 18. b4 Bd7 19. Kb2 Rac8
20. Bb3 Be6 21. f4 Bd7 22. Nd5 Be6 23. c4 h5 24. Nc3 a5 25. c5 Bxb3 26. Kxb3
axb4 27. axb4 dxc5 28. bxc5 Nd4+ {Szabo,Z (2355)-Kiss,P (2450) Miskolc 1997
0-1 (43)}) ({RR} 14. h4 d6 15. h5 Bf5 16. hxg6 Bxg6 17. Rh4 Rac8 18. Bb3 Na5
19. c3 Nxb3+ 20. axb3 Rfd8 21. Ng5 Rc5 22. Nxh7 Kg7 23. b4 Re5 24. f4 Re2 25.
Rdh1 Rxg2 26. Ng5 Rc2+ 27. Kd1 Rxb2 28. R4h2 Rxh2 {Sedlak,L (1879)-Afek,Y 
(2202) Prague CZE 2021 0-1 (36)}) 14... b6 $146 ({RR} 14... d6 15. Nc3 Rd8 16.
Nd5 e6 17. Nf6+ Kg7 18. Ng4 a6 19. a3 b5 20. Ba2 Bb7 21. Re2 Rac8 22. Kb1 Rc7
23. Red2 d5 24. c3 a5 25. c4 bxc4 26. Bxc4 Rdc8 27. Bb3 Ba6 28. Rc1 Ne7 29.
Rxc7 {Dietrich,N-Speer,A Detmold 1964 0-1 (49)}) ({RR} 14... Kg7 15. Nc3 d6 16.
Bb5 Be6 17. Nd5 Bxd5 18. Rxd5 Rfd8 19. Bxc6 bxc6 20. Ra5 Rd7 21. f4 Rb8 22. Ra4
c5 23. c4 Rdb7 24. Re2 Rb4 25. Rxa7 Rxc4+ 26. Kb1 Rxf4 27. Raxe7 h5 28. Rd7 Rb6
29. Rd2 {Carasiov,A (1899)-Cuellar Elisvan,D (2247) Iasi 2012 0-1 (50)}) ({RR} 
14... d6 15. Nc3 Rd8 16. Bb5 Be6 17. Ne4 h6 18. a3 a6 19. Bxc6 bxc6 20. Rd4 c5
21. Rd2 Rdb8 22. Nc3 Rb7 23. Nd5 Bxd5 24. Rxd5 Rd8 25. Red1 Rbd7 26. c4 Kf8 27.
R5d3 Rb7 28. f4 Rdb8 29. R1d2 {Belotserkovsky,D (1999)-Vakhlamov,I (1909)
Moscow 2007 0-1 (43)}) 15. c3 d6 16. Nd2 Ne5 17. Be2 a6 18. Nc4 Nxc4 19. Bxc4
b5 20. Bd5 Ra7 21. b3 e6 22. Be4 d5 23. Bc2 Rc7 24. Kb2 Bb7 25. Rd2 Rfc8 26.
Re3 Kg7 27. h4 h5 28. g4 hxg4 29. fxg4 Rh8 30. Rh2 Rd7 31. Re5 d4 32. h5 Bf3
33. Rg5 Kf6 34. Rc5 Bxg4 35. Rf2+ Bf5 36. hxg6 fxg6 37. Rc6 d3 38. Bd1 Rh1 39.
Kc1 g5 40. Kd2 Rdh7 41. Rxa6 R7h2 42. Rxh2 Rxh2+ 43. Ke3 g4 44. Rd6 Rxa2 45.
Rd4 Rg2 46. c4 Ke5 47. Rd8 bxc4 48. bxc4 Rg1 49. Kd2 Kf4 50. c5 e5 0-1

[Event "Sampa Chess Open 2024"]
[Site "Sao Paulo"]
[Date "2024.01.30"]
[Round "2.23"]
[White "Santos, Isaque Goncalves"]
[Black "Matiuci, Bernardo Steinle"]
[Result "1-0"]
[WhiteElo "1996"]
[BlackElo "1546"]
[PlyCount "61"]
[EventDate "2024.01.29"]
[EventRounds "9"]
[EventCountry "BRA"]

1. d4 Nf6 2. c4 e6 (2... c6) 3. Nc3 Bb4 4. a3 Bxc3+ 5. bxc3 O-O 6. Qc2 d5 7. e3
b6 8. cxd5 exd5 9. Nf3 Nbd7 10. Bd3 Bb7 11. a4 $146 ({RR} 11. O-O c5 12. a4 Re8
13. a5 Qc7 14. h3 c4 15. Bf5 g6 16. Bxd7 Nxd7 17. axb6 axb6 18. Ba3 Bc6 19. Bb4
Rxa1 20. Rxa1 Ra8 21. Rxa8+ Bxa8 22. Qa2 Bc6 23. Qa3 f6 24. Bd6 Qd8 25. Qa7 Qc8
{Nguyen,H-Le,T Ho Chi Minh City 2001 1/2-1/2}) ({RR} 11. Bb2 c5 12. O-O h6 13.
Rfc1 c4 14. Bf1 Ne4 15. a4 f5 16. g3 g5 17. Bg2 h5 18. Nd2 Ndf6 19. Ba3 Rf7 20.
f3 Nxd2 21. Qxd2 Rg7 22. Re1 Qc7 23. Qc2 Qd7 24. Rf1 Re8 25. Rae1 Bc6 {
Mukkattu,P (1770)-Nicholls,L (1781) Auckland 2014 0-1 (33)}) 11... c5 12. a5 c4
13. Bf5 b5 14. Qb1 a6 15. Ba3 Re8 16. Bb4 Nb8 17. Ne5 Nc6 18. Nxc6 Bxc6 19. O-O
Bd7 20. Bc2 Rc8 21. Qb2 Rc6 22. Rac1 Ne4 23. f3 Qh4 24. Bxe4 dxe4 25. Qf2 Qh5
26. fxe4 Rf6 27. Qg3 Rg6 28. Qc7 Qg4 29. g3 Rxe4 30. Rf4 Rc6 31. Rxg4 1-0

[Event "Sampa Chess Open 2024"]
[Site "Sao Paulo"]
[Date "2024.01.30"]
[Round "2.24"]
[White "Dos Santos, Felipe Zeuli Biller"]
[Black "Correa, Joao Pedro Vieira"]
[Result "0-1"]
[WhiteElo "1538"]
[BlackElo "1864"]
[PlyCount "70"]
[EventDate "2024.01.29"]
[EventRounds "9"]
[EventCountry "BRA"]

1. c4 e5 2. Nc3 Nc6 3. g3 g6 4. Bg2 Bg7 5. d3 d6 6. e4 Nge7 7. Nge2 O-O 8. O-O
Be6 9. h3 Qd7 10. Kh2 Nd4 ({RR} 10... Rae8 11. Nd5 f5 12. f4 Nd4 13. fxe5 Nxe2
14. Nxe7+ Rxe7 15. Qxe2 Bxe5 16. Be3 c5 17. Rad1 fxe4 18. Rxf8+ Kxf8 19. Bh6+
Kg8 20. Rf1 Rf7 21. Rxf7 Qxf7 {1/2-1/2 (21) Picanol Alemany,A (2325)-Juan,C 
(2278) Barcelona 2012}) ({RR} 10... Rae8 11. Nd5 Nd4 12. Nxd4 exd4 13. Bh6 Bxd5
14. Bxg7 Kxg7 15. cxd5 Qb5 16. Qd2 c5 17. dxc6 bxc6 18. b4 Rb8 19. a3 a5 20.
Rfb1 axb4 21. Rxb4 Qa5 22. Qb2 Rxb4 23. axb4 Qb6 24. Ra4 Rb8 25. Qa2 {Burnett,
L (1971)-Papadopoulos,P (2160) Thessaloniki 2017 0-1 (52)}) 11. f4 c6 12. Be3
$146 ({RR} 12. g4 f5 13. gxf5 gxf5 14. Ng3 Ng6 15. Nh5 exf4 16. Nxg7 Qxg7 17.
Ne2 fxe4 18. Nxd4 Qxd4 19. Bxe4 Bf5 20. Bxf5 Rxf5 21. Qe2 Re5 22. Qf3 Rae8 23.
Rb1 Re1 24. Kh1 R8e2 25. Bxf4 Rxb1 26. Rxb1 Rf2 {Morlo,M-Rieke,T (2255)
Muenster 1988 0-1}) ({RR} 12. g4 f5 13. gxf5 gxf5 14. Ng3 exf4 15. Bxf4 Ng6 16.
Nh5 Nxf4 17. Nxg7 Qxg7 18. Rxf4 Qe5 19. Qd2 fxe4 20. Raf1 Rxf4 21. Qxf4 exd3
22. Qxe5 dxe5 23. b3 Bf5 24. Ne4 Rd8 25. Nd2 Kg7 26. Be4 Bxe4 {Schneider,
J-Goettmann,H Mainz 1996 0-1 (39)}) 12... a6 13. Na4 Qd8 14. c5 dxc5 15. Nxc5
Bc8 16. fxe5 Bxe5 17. Qd2 Nxe2 18. Qxe2 Qd6 19. Bf2 Bxg3+ 20. Bxg3 Qxc5 21. Bh4
f6 22. e5 fxe5 23. Rxf8+ Kxf8 24. d4 Qxd4 25. Rd1 Qxh4 26. Qxe5 Bf5 27. Rd4 Qh6
28. Qf6+ Ke8 29. Rh4 Qf8 30. Qe5 h5 31. Rd4 Kf7 32. Rd6 Qh8 33. Qe2 b5 34. a4
Rd8 35. Qd1 Qe5+ 0-1

[Event "Sampa Chess Open 2024"]
[Site "Sao Paulo"]
[Date "2024.01.30"]
[Round "2.25"]
[White "Simeao, Miguel Roberto Rani"]
[Black "Barberi, Catarina"]
[Result "1-0"]
[WhiteElo "1962"]
[BlackElo "1524"]
[PlyCount "53"]
[EventDate "2024.01.29"]
[EventRounds "9"]
[EventCountry "BRA"]

1. c4 e6 2. Nf3 Nf6 3. Nc3 d5 4. e3 Be7 5. b3 b6 6. Bb2 O-O 7. d4 Bb7 8. Bd3
Nbd7 9. O-O c5 10. Bc2 ({RR} 10. Ne5 Rc8 11. Qc2 dxc4 12. bxc4 h6 13. Rad1 Qc7
14. Nb5 Qb8 15. Nxd7 Nxd7 16. d5 a6 17. dxe6 Ne5 18. exf7+ Kh8 19. f4 Nxd3 20.
Qxd3 Rc6 21. Be5 Qa8 22. Nc3 Rxf7 23. Nd5 b5 24. e4 Bd6 {Khokhlova,D (2230)
-Filippova,D (2066) Chelyabinsk RUS 2018 1-0 (35)}) 10... Rc8 $146 ({RR} 10...
Qc7 11. Qd3 Rfd8 12. Ng5 h6 13. Nf3 dxc4 14. bxc4 cxd4 15. exd4 Bxf3 16. Qxf3
Qxc4 17. Rfd1 Rac8 18. Bb3 Qb4 19. Rab1 Nb8 20. Ne4 Nbd7 21. Rd3 Nxe4 22. Qxe4
Nc5 23. Ba3 Nxe4 24. Bxb4 Bxb4 {0-1 (24) Kuhnert,C-Strumpf,E Pinneberg 1996})
11. Ne5 cxd4 12. exd4 dxc4 13. Nxc4 Nd5 14. Qd3 N7f6 15. Nxd5 Bxd5 16. f3 g6
17. Ne5 Bb7 18. a3 Qc7 19. Rac1 Rfd8 20. Qe2 Nd5 21. Bxg6 Qb8 22. Bxf7+ Kg7 23.
Qf2 Bf6 24. Qg3+ Kf8 25. Bxe6 Rxc1 26. Rxc1 Bxe5 27. Qg8+ 1-0

[Event "Sampa Chess Open 2024"]
[Site "Sao Paulo"]
[Date "2024.01.30"]
[Round "2.26"]
[White "Santiago, Mauro"]
[Black "Martins De Aguiar, Marina"]
[Result "0-1"]
[WhiteElo "1516"]
[BlackElo "1862"]
[PlyCount "58"]
[EventDate "2024.01.29"]
[EventRounds "9"]
[EventCountry "BRA"]

1. d4 Nf6 2. c4 g6 3. Nc3 Bg7 4. e4 d6 5. Bd3 O-O 6. f3 c5 7. d5 e6 8. Nge2
exd5 9. cxd5 a6 10. O-O ({RR} 10. Bg5 h6 11. Be3 Nbd7 12. Rc1 b5 13. b3 Ne5 14.
Bb1 Bd7 15. Qd2 b4 16. Nd1 Bb5 17. Nf2 Re8 18. Bxh6 Bxh6 19. Qxh6 Nxd5 20. Rd1
Nf6 21. Ng3 Re6 22. h4 Qf8 23. Qxf8+ Rxf8 24. Nh3 Rd8 {Rowson,J (2573)-Van
Kampen,R (2618) England 2014 1/2-1/2 (44)}) ({RR} 10. a4 Nbd7 11. Be3 Ne5 12.
O-O Rb8 13. Ng3 Nxd3 14. Qxd3 Qc7 15. Kh1 Bd7 16. a5 b5 17. axb6 Rxb6 18. Rxa6
Rxb2 19. Rfa1 Rfb8 20. Nge2 h6 21. Ra7 R2b7 22. R7a6 Kh7 23. Bf4 Ne8 24. Bg3
Rb3 {Barruel,I (1831)-Unruh,C Grapevine USA 2021 1/2-1/2}) 10... b5 11. Be3
Nbd7 12. Qc1 $146 ({RR} 12. a3 Ne5 13. b4 Nxd3 14. Qxd3 c4 15. Qc2 Nd7 16. a4
Rb8 17. axb5 axb5 18. Ra5 f5 19. Nxb5 fxe4 20. fxe4 Rxf1+ 21. Kxf1 Ne5 22. Bf4
Qf6 23. Kg1 Nd3 24. Bg3 Rxb5 25. e5 Rxa5 26. bxa5 Nxe5 {Tatarnikova,E (1467)
-Kyshtymov,D (1929) Ikrutsk 2016 0-1 (38)}) 12... Ne5 13. Bc2 Nc4 14. Bh6 Bxh6
15. Qxh6 Nxb2 16. Nf4 Nc4 17. Rfe1 Nd7 18. Nh5 gxh5 19. e5 f5 20. exf6 Nxf6 21.
Re2 Ra7 22. Rae1 Ne5 23. Ne4 Nxe4 24. Bxe4 Rg7 25. f4 Ng4 26. Qxh5 Nf6 27. Qh6
Bg4 28. Re3 Nxe4 29. Rxe4 Rg6 0-1

[Event "Sampa Chess Open 2024"]
[Site "Sao Paulo"]
[Date "2024.01.30"]
[Round "2.27"]
[White "Nicacio, Daniel Ramos"]
[Black "Deus Filho, Joaquim De"]
[Result "0-1"]
[WhiteElo "1479"]
[BlackElo "1848"]
[PlyCount "25"]
[EventDate "2024.01.29"]
[EventRounds "9"]
[EventCountry "BRA"]

1. e4 Nc6 2. f4 d5 3. exd5 Qxd5 4. Nc3 Qa5 ({RR} 4... Qe6+ 5. Nce2 Nd4 6. c3
Nxe2 7. Bxe2 Qe4 8. Nf3 Qxf4 9. d4 Qd6 10. O-O Nf6 11. Ne5 Be6 12. Qa4+ c6 13.
Bf4 Qd8 14. Rad1 g6 15. Bf3 Bg7 16. Nxc6 Qd7 17. Be5 O-O 18. d5 bxc6 19. dxe6 {
Samsonkin,A (2595)-Jung,H (2225) Kitchener 2009 1-0 (70)}) ({RR} 4... Qe6+ 5.
Qe2 Nd4 6. Qxe6 Bxe6 7. Bd3 O-O-O 8. Nge2 g6 9. Nxd4 Rxd4 10. Ne2 Rd7 11. O-O
Bg7 12. f5 gxf5 13. Bxf5 Bxf5 14. Rxf5 e6 15. Rf3 f5 16. d3 Ne7 17. c3 e5 18.
Bg5 Ng6 19. Rxf5 {Dubnicka,A (1718)-Zizka,P (2028) Ricany CZE 2018 1/2-1/2}) 5.
Nf3 Bg4 6. Bb5 O-O-O $146 ({RR} 6... e6 7. Bxc6+ bxc6 8. h3 Bh5 9. Qe2 Ne7 10.
Qe5 Qxe5+ 11. Nxe5 f6 12. Nc4 Nd5 13. d3 Nb6 14. Na5 Kd7 15. Bd2 Re8 16. g4 Bf7
17. O-O-O h5 18. Ne4 Be7 19. Nb3 hxg4 20. hxg4 f5 21. gxf5 {Casper,T-Knaak,R
Meissen 1975 0-1 (39)}) ({RR} 6... Qb6 7. Nd5 Qc5 8. Nxc7+ {1/2-1/2 (8)
Puschak,O (1872)-Wittmann,H (2123) Mittelfranken 2006}) ({RR} 6... e6 7. O-O
Qb6+ 8. d4 O-O-O 9. Bxc6 Qxc6 10. Ne2 f6 11. c3 Nh6 12. b4 Qc4 13. Bd2 Nf7 14.
h3 Bf5 15. Ng3 Bd3 16. Re1 Nd6 17. a4 Nf5 18. Nxf5 exf5 19. Re3 Bd6 20. Be1 Be4
21. Nd2 {Neulinger Jagode,R-Bock,O Niederbayern 2001 1-0 (66)}) 7. Bxc6 bxc6 8.
d3 e6 9. Be3 Nf6 10. h3 Bxf3 11. Qxf3 Nd5 12. O-O Nxe3 13. Rfe1 0-1